Best Soccer Goalkeepers 2020 - Statistics

General Stats
  • This quiz has been taken 337 times
  • The average score is 9 of 10
Answer Stats
Place Club Answer % Correct
5 Bayern Munich Neuer
97%
1 Atletico Madrid Jan Oblak
94%
3 Barcelona Ter Stegen
94%
10 Manchester United De Gea
91%
6 Manchester City Ederson
91%
4 Real Madrid Courtois
90%
2 Liverpool Allison
87%
8 PSG Navas
82%
9 Juventus Buffon
80%
7 Inter Milan Handanovic
74%
No matching quizzes found
Score Distribution
Percent of People with Each Score
Percentile by Number Answered
Your Score History
You have not taken this quiz